00588nam a22002057a 450000500170000001000110001702000100002803500110003803700160004904000120006508200130007710000180009024501060010826000360021427000250025030000210027565000390029665000270033570000200036220170124110103.0 a147094 c00.00 a147094 bCen Lib/Ret aDPLbEN a943bDEH aDehio, Ludwig aGermany and world politics in the twentieth century /cby Ludwig Dehio ; translated by Dieter Pevsner aLondonbChatto and Windusc1959 a42 William IV Street a141p. c21cm(Hb) aGermany -- History -- 20th century aNationalism -- Germany aPevsner, Dieter